|
|
|
|
| LEADER |
00860nam a22002297a 4500 |
| 001 |
28422 |
| 003 |
BD-DhAAL |
| 005 |
20141023095412.0 |
| 008 |
141023s1197 enk||||| |||| 00| 0 eng d |
| 040 |
|
|
|a BD-DhAAL
|c BD-DhAAL
|
| 082 |
|
|
|2 22
|a 892/.1
|
| 245 |
|
|
|a The epic of Gilgamesh /
|c an English version with an introduction by N. K. Sandars
|
| 250 |
|
|
|a Revised edition incorporating new material
|
| 260 |
|
|
|a London :
|b Penguin Books,
|c 1972
|
| 300 |
|
|
|a 127 p. :
|c 21 cm.
|
| 490 |
|
|
|a Penguin Classics
|
| 541 |
|
|
|e 28422
|
| 650 |
|
|
|a Gilgamesh.
|9 5820
|
| 700 |
|
|
|a Sandars, N. K.
|9 5821
|
| 942 |
|
|
|2 ddc
|c BK
|
| 999 |
|
|
|c 32980
|d 32980
|
| 952 |
|
|
|0 0
|1 0
|2 ddc
|4 0
|6 892_100000000000000_EPI
|7 0
|9 43922
|a BRACUL
|b BRACUL
|c GEN
|d 2014-10-23
|e Friends Book Corner
|l 6
|m 23
|o 892.1 EPI
|p 3010028422
|r 2025-04-21
|s 2025-01-07
|t 1
|w 2014-10-23
|y BK
|x Transferred from BIL to BRACUL on 06/06/22
|